ბათუმის შოთა რუსთაველის სახელმწიფო უნივერსიტეტის ბიბლიოთეკა

საქართველოს ისტორია ოთხ ტომად ტ.4 საქართველო XIX-XX საუკუნეებში (ბიბ.ჩანაწერი № 49337)

000 -LEADER
fixed length control field 00822nam a2200205Ia 4500
001 - CONTROL NUMBER
control field 16254
003 - CONTROL NUMBER IDENTIFIER
control field GE_BSU
008 - FIXED-LENGTH DATA ELEMENTS--GENERAL INFORMATION
fixed length control field 181216s||||||||xx |||||||||||||| ||und||
040 ## - CATALOGING SOURCE
Transcribing agency GE_BSU
245 ## - TITLE STATEMENT
Title საქართველოს ისტორია ოთხ ტომად ტ.4 საქართველო XIX-XX საუკუნეებში
245 ## - TITLE STATEMENT
Remainder of title უძველესი დროიდან XX საუკუნის ბოლომდე
245 ## - TITLE STATEMENT
Statement of responsibility, etc. მთ.რედ. მაყვალა ნათმელაძე
260 ## - PUBLICATION, DISTRIBUTION, ETC.
Place of publication, distribution, etc. თბილისი
260 ## - PUBLICATION, DISTRIBUTION, ETC.
Name of publisher, distributor, etc. პალიტრაL
260 ## - PUBLICATION, DISTRIBUTION, ETC.
Date of publication, distribution, etc. 2012.
300 ## - PHYSICAL DESCRIPTION
Extent 512გვ;+16ჩართ.ფ.ილ.25სმ
653 ## - INDEX TERM--UNCONTROLLED
Uncontrolled term საქართველოს ისტორია
942 ## - ADDED ENTRY ELEMENTS (KOHA)
Koha item type წიგნი
ეგზემპლარები
Withdrawn status Lost status Damaged status Not for loan Date acquired Barcode Date last seen Price effective from Koha item type
        2018-12-17 40266 2018-12-17 2018-12-17 წიგნი
        2018-12-17 40267 2018-12-17 2018-12-17 წიგნი
        2018-12-17 40268 2018-12-17 2018-12-17 წიგნი